000 00291nam a22001337a 4500
008 170620b xxu||||| |||| 00| 0 eng d
020 _a9780130258823
041 _aeng
080 _a32
100 _a20
101 _aSHP
245 _aPUBLIC POLICY PRAXIS
_cCLEMONS, R.S
942 _2udc
_cBK
999 _c18355
_d18355